00422nam a2200109Ia 4500008004100000050002300041100002200064245008500086260008600171300002800257521002700285140724s9999 xx 000 0 und d aT 58.6b.B641 2010 aBlanco, Jimlee R. aAutomated inventory management system of Oliveros Rice Mill /cJimlee R. Blanco. aLas Piñas, Philippines :bSouthville International School and Colleges,cc2010. a45 p. :bill. ;c28 cm. aInformation Technology